000 00370nam a22001337a 4500
020 _a81-85116-37-7
041 _aENG
100 _aTandon .H.
245 _aRecyling Of crop ,Animal ,Human And Indusstrial Wastes in Agriculture
260 _aNew Delhi
_bFertiliser Development And Consultation
_c1998
300 _a150
650 _aAgricultural
856 _uAgricultural
999 _c488
_d488